| 000 | 00510nam a2200181Ia 4500 | ||
|---|---|---|---|
| 003 | OSt | ||
| 005 | 20200207103532.0 | ||
| 008 | 190216s9999||||xx |||||||||||||| ||und|| | ||
| 040 | _coclc | ||
| 082 |
_a297 _bMOU/I |
||
| 100 |
_aMoulavi, C N Ahmed _91885 |
||
| 245 | 0 |
_aIslam Oru Samagra Patanam / _cC N Ahmed Moulavi |
|
| 250 | _a5th ed. | ||
| 260 |
_bAlhuda Book Stall, _c1997. _aCalicut: |
||
| 300 | _a486p | ||
| 650 | _aIslamic History | ||
| 942 |
_cBK _2ddc _h297 _iMOU/I _k297 _mMOU/I |
||
| 999 |
_c23101 _d23101 |
||